LEADER 02936nam 22005533 450 001 9911006722803321 005 20241231080247.0 010 $a1-83724-359-X 010 $a1-83953-660-8 035 $a(MiAaPQ)EBC31694907 035 $a(Au-PeEL)EBL31694907 035 $a(CKB)37093678900041 035 $a(OCoLC)1482537536 035 $a(Exl-AI)31694907 035 $a(EXLCZ)9937093678900041 100 $a20241231d2025 uy 0 101 0 $aeng 135 $aurcnu|||||||| 181 $ctxt$2rdacontent 182 $cc$2rdamedia 183 $acr$2rdacarrier 200 10$aAmmonia Combustion Applications for Energy Systems 205 $a1st ed. 210 1$aStevenage :$cInstitution of Engineering & Technology,$d2025. 210 4$dİ2025. 215 $a1 online resource (331 pages) 225 1 $aEnergy Engineering Series 311 08$a1-83953-659-4 327 $aIntro -- Contents -- About the editors -- 1. Introduction. Ammonia as a fuel | M.O. Vigueras-Zuniga, M. De Joannon, H. Shi and A. Valera-Medina -- 2. Ammonia global distribution | C. Anfosso, S. Crosa and D. Bellotti -- 3. Measurement techniques for ammonia combustion systems | Y. Li, X. Shi, Y. Zhang and W. Li -- 4. Combustion systems for ammonia-fueled gas furnaces and boilers | M. de Joannon, G.B. Ariemma, M.V. Manna, P. Sabia, G. Sorrentino and R. Ragucci -- 5. Ammonia-fueled internal combustion engines | H. Shi, E. Boulet, D. Dong, M. Alnajideen, S. Mashruk, Z. Zhang and A. Valera-Medina -- 6. Combustion systems for ammonia-fuelled gas turbines and other propulsion devices | H. Shi, S. Mashruk, M. Alnajideen and A. Valera-Medina -- 7. Economic considerations for ammonia as fuel | C. Monacchini, C. Anfosso and D. Bellotti -- 8. H& -- S implications, regulations and international scenarios | K. Rowenhorst, A. Guati-Rojo and A. Valera-Medina -- 9. Outlook-unsolved challenges in combustion systems | Y. Li, X. Shi, Z. Liu, S. Chen and S. Bin -- Index. 330 $aAmmonia is a vector for a future cleaner energy system. It can be used in combustion devices for electricity generation and as fuel for transport. This work covers technology and measurements for combustion devices for power generation and propulsion. 410 0$aEnergy Engineering Series 606 $aCombustion engineering$7Generated by AI 606 $aRenewable energy sources$7Generated by AI 615 0$aCombustion engineering 615 0$aRenewable energy sources 676 $a661.34 700 $aValera$b Agustin$01822873 701 $aYuyang$b Li$01822874 701 $aShi$b Hao$01822875 701 $aDong$b Dongsheng$01822876 701 $aDe Joannon$b Mara$01822877 701 $aBellotti$b Daria$01822878 801 0$bMiAaPQ 801 1$bMiAaPQ 801 2$bMiAaPQ 906 $aBOOK 912 $a9911006722803321 996 $aAmmonia Combustion Applications for Energy Systems$94389296 997 $aUNINA